000 00571nam a2200217Ia 4500
001 14070
003 GE_BSU
008 181216s||||||||xx |||||||||||||| ||und||
040 _cGE_BSU
080 _a532.1
100 _aРабинович,Е.З.
245 _aГидравлика.
245 _cРед. В.А.Архангельский.
250 _aИзд четвертое, стереотипное.
260 _aМ.
260 _bФизматгиз.
260 _c1963.
300 _a408 стр. с илл.
653 _aГидравлика.
942 _cBK
999 _c47210
_d47210